|
|
|
|
| LEADER |
00000ny a22000003n 4500 |
| 005 |
20110607113117.0 |
| 008 |
970410s1984 sp s 000 0 spa c |
| 017 |
|
|
|a D.L. M21087-1984
|
| 020 |
|
|
|a 8471302160
|
| 035 |
|
|
|a 780
|
| 040 |
|
|
|a UMA.CEE
|d vLex
|
| 040 |
|
|
|a UMA.DER
|d vLex
|
| 040 |
|
|
|a UMA.RE
|d vLex
|
| 080 |
|
|
|a 347(460)
|
| 090 |
|
|
|c 521
|d 521
|
| 245 |
0 |
0 |
|a Comentarios al Cd̤igo Civil y compilaciones forales
|h [Recurso electrn̤ico]
|c dirigidos por Manuel Albaladejo
|
| 256 |
|
|
|a Servicio en ln̕ea
|
| 260 |
|
|
|a Madrid :
|b Revista de Derecho Privado :
|b Editoriales de Derecho Reunidas,
|c D.L. 1984
|
| 300 |
|
|
|a XVII, 794 p. ;
|c 21 cm
|
| 505 |
0 |
|
|t Tomo XXIV, Artc̕ulos 1.887 a 1.929 del Cd̤igo civil /
|r comentados por Jaime Santos Briz, Antonio Gulln̤ Ballesteros
|
| 506 |
1 |
|
|a Contenido solo disponible en los productos indicados
|d vLex Global
|d vLex Global (Academic Edition, excluding Law Schools)
|d vLex Global (U.S. Academic Edition, Law Schools)
|d vLex Global (U.S. Academic Edition, excluding Law Schools)
|d vLex Global (Academic Edition, Law Schools)
|
| 650 |
0 |
7 |
|2 Tesauro vLex
|a Civil
|
| 650 |
0 |
7 |
|2 Tesauro vLex
|a Cd̤igo civil
|
| 650 |
0 |
7 |
|2 Tesauro vLex
|a Obligaciones
|
| 650 |
0 |
7 |
|2 Tesauro vLex
|a Cuasicontratos
|
| 650 |
0 |
7 |
|2 Tesauro vLex
|a Gestin̤ de negocios ajenos
|
| 650 |
0 |
7 |
|2 Tesauro vLex
|a Culpa o negligencia
|
| 651 |
0 |
7 |
|2 Tesauro vLex
|a Prelacin̤ de los crďitos
|
| 700 |
1 |
|
|a Albaladejo Garca̕, Manuel,
|e dir
|
| 700 |
1 |
|
|a Gulln̤ Ballesteros, Antonio
|
| 700 |
1 |
|
|a Santos Briz, Jaime
|
| 740 |
0 |
|
|a vLex Libros (Servicios en ln̕ea)
|
| 856 |
4 |
0 |
|z Acceso restringido
|u http://vlex.com/source/780
|
| 942 |
|
|
|c BOOK
|